Central Library OPAC University of Rajshahi

The set-up : (Record no. 17529)

MARC details
000 -LEADER
fixed length control field 00716nam a2200265 4500
001 - CONTROL NUMBER
control field 17529
003 - CONTROL NUMBER IDENTIFIER
rucl marc code BD-RjUL
005 - DATE AND TIME OF LATEST TRANSACTION
control field 20211209000145.0
008 - FIXED-LENGTH DATA ELEMENTS--GENERAL INFORMATION
fixed length control field 140217s1973 enk b 001 0 eng
020 ## - INTERNATIONAL STANDARD BOOK NUMBER
International Standard Book Number 0413291200
035 ## - SYSTEM CONTROL NUMBER
System control number (BD-RjUL)17587
040 ## - CATALOGING SOURCE
Original cataloging agency DLC
Transcribing agency DLC
Modifying agency DLC
Language of cataloging eng
041 ## - LANGUAGE CODE
Language code of text/sound track or separate title eng
082 00 - DEWEY DECIMAL CLASSIFICATION NUMBER
Classification number 792.0942
Author mark and year HAS 1973
100 1# - MAIN ENTRY--PERSONAL NAME
Personal name Hayman, Ronald,
Dates associated with a name 1932-
9 (RLIN) 54014
245 14 - TITLE STATEMENT
Title The set-up :
Remainder of title an anatomy of the English theatre today /
Statement of responsibility, etc. Ronald Hayman
260 ## - PUBLICATION, DISTRIBUTION, ETC. (IMPRINT)
Place of publication, distribution, etc. London :
Name of publisher, distributor, etc. Eyre Methuen,
Date of publication, distribution, etc. 1973
300 ## - PHYSICAL DESCRIPTION
Pagination 322 p. ;
Size 21 cm.
350 ## - PRICE (NR) (BK AM CF MU VM SE) [OBSOLETE]
Price £4.00
504 ## - BIBLIOGRAPHY, ETC. NOTE
Bibliography, etc Includes index
650 #0 - SUBJECT ADDED ENTRY--TOPICAL TERM
Topical term or geographic name as entry element Theater
Geographic subdivision Great Britain.
9 (RLIN) 54015
942 ## - ADDED ENTRY ELEMENTS (KOHA)
Source of classification or shelving scheme Dewey Decimal Classification
Koha item type Books
Holdings
Lost status Source of classification or shelving scheme Damaged status Not for loan Collection code Permanent Location Current Location Shelving location Date acquired Source of acquisition Cost, normal purchase price Total Checkouts Full call number Date last seen Copy number Koha item type
  Dewey Decimal Classification   Not For Loan Fiction Central Library, University of Rajshahi Central Library, University of Rajshahi Reading Room 26/05/1975 Jonathan 4.00   792.0942 HAS 1973 17/02/2014 C-1 Books